00209nam a2200085Ia 4500008004100000100001900041245002300060260001700083650002300100190216s9999||||xx |||||||||||||| ||und|| aJeffrey Archer 2aA Matter Of Honour bBantam Books aEnglish Literature